000 00298nam a22001337a 4500
008 170815b xxu||||| |||| 00| 0 eng d
020 _a9780471484806
041 _aeng
080 _24 ED
_a51
100 _a36
101 _aMAT
245 _aCALCULUS MULTIVARIABLE
_cGALLUM.M
942 _2udc
_cBK
999 _c23559
_d23559